| 000 | 00915cam a2200241 a 4500 | ||
|---|---|---|---|
| 001 | 14515759 | ||
| 005 | 20260122142130.0 | ||
| 008 | 060824s2007 nyua 001 0 eng | ||
| 020 |
_a0071476717 _qpbk. : alk. paper |
||
| 020 |
_a9780071476713 _qpbk. : alk. paper |
||
| 050 | 0 | 0 |
_aHG179 _b.L497 2007 |
| 082 | 0 | 0 |
_a332.6 _222 |
| 100 | 1 | _aLim, Paul. | |
| 245 | 1 | 0 |
_aFinancial planning demystified / _cPaul J. Lim. |
| 260 |
_aNew York : _bMcGraw-Hill, _cc2007. |
||
| 300 |
_axi, 304 p. : _bill. ; _c24 cm. |
||
| 500 | _aIncludes index. | ||
| 650 | 0 | _aFinance, Personal. | |
| 856 | 4 | 2 |
_3Contributor biographical information _uhttp://www.loc.gov/catdir/enhancements/fy0668/2006028078-b.html |
| 856 | 4 | 2 |
_3Publisher description _uhttp://www.loc.gov/catdir/enhancements/fy0668/2006028078-d.html |
| 856 | 4 | 1 |
_3Table of contents only _uhttp://www.loc.gov/catdir/enhancements/fy0668/2006028078-t.html |
| 942 |
_2lcc _cBK _n0 |
||
| 999 |
_c8626 _d8626 |
||